000 00642nam a22001817a 4500
003 UA-OsUOA
001 14054
007 ta
008 20030717b un ||||| |||| 00| 0 ukr d
100 _aЧабан О.
942 _cSA
040 _aUA-OsUOA
_cUA-OsUOA
_dUA-OsUOA
245 _aКавова лихоманка
_b[У Рівному відкрився перший в Україні з-д з вир-ва кави торг. марки В В, який створено на базі ТЗОВ "Укркава"]
300 _aС.7
955 _a0
773 0 _w0
_tОго
_dРівне
_d2003
_g№105/19 черв./
650 7 _aКава
_2UDC
999 _c300215
_d300215